000 00736nam a2200241 i 4500
001 58433
003 ES-MaACL
005 20250514194919.0
007 t|
008 031022s1985 sp ||||1| spa d
020 _a84-01-38058-8
100 0 _aDuras, Marguerite,
_d1914-1996
_946279
245 1 3 _aEl dolor /
_cMarguerite Duras ; traducción de Clara Janés.
250 _a1ª ed.
260 _aEsplugues de Llobregat (Barcelona) :
_bPlaza & Janés,
_c1985.
300 _a218 p. ;
_c19 cm.
490 1 _aPlaza & Janés literaria
700 1 _aJanés, Clara
_966012
830 0 _aPlaza & Janés literaria
_9177814
852 _aES-MaACL
_jL-10132
_bR.111611
852 _aES-MaACL
_jL-10133
_bR.110805
999 _c58433
_d58433